[Event "Benalmadena Rapid op 1st"]
[Site "Benalmadena"]
[Date "2023.02.26"]
[Round "9"]
[White "Reyes Betancourt, Ahmed"]
[Black "Moral Garcia, Serafin"]
[Result "0-1"]
[WhiteElo "2166"]
[BlackElo "2241"]
[PlyCount "69"]
[EventDate "2023.02.25"]
[EventType "swiss (rapid)"]
[EventRounds "9"]
[EventCountry "ESP"]
[SourceTitle "CBM 212 Extra"]
[Source "ChessBase"]
[SourceDate "2023.03.31"]
[SourceVersion "1"]
[SourceVersionDate "2023.03.31"]
[SourceQuality "1"]

1. e4 e5 2. Nf3 Nc6 3. Bc4 Bc5 4. d3 Nf6 5. c3 a6 6. Bb3 Ba7 7. Nbd2 0-0 8. Nf1 d5 9. Qe2 dxe4 10. dxe4 Ng4 11. Ne3 Nxe3 12. Bxe3 Bxe3 13. Qxe3 Qf6 14. h3 Ne7 15. Qg5 Qxg5 16. Nxg5 Bd7 17. 0-0 Bc6 18. Rfe1 h6 19. Nf3 Ng6 20. Rad1 Rad8 21. Bd5 Bxd5 22. Rxd5 Rxd5 23. exd5 Re8 24. g3 Kf8 25. h4 e4 26. Nd2 Ne5 27. Kg2 f5 28. b3 Rd8 29. c4 c6 30. dxc6 bxc6 31. Nf1 Kf7 32. Ne3 Kf6 33. Rd1 Rxd1 34. Nxd1 Nd3 35. Kf1 0-1

[Event "Benalmadena Rapid op 1st"]
[Site "Benalmadena"]
[Date "2023.02.25"]
[Round "2"]
[White "Reyes Betancourt, Ahmed"]
[Black "Martinez Ramirez, Lennis"]
[Result "1-0"]
[WhiteElo "2166"]
[BlackElo "2415"]
[PlyCount "67"]
[EventDate "2023.02.25"]
[EventType "swiss (rapid)"]
[EventRounds "9"]
[EventCountry "ESP"]
[SourceTitle "EXT 2024"]
[Source "ChessBase"]
[SourceDate "2023.10.10"]
[SourceVersion "1"]
[SourceVersionDate "2023.10.10"]
[SourceQuality "1"]

1. e4 c5 2. Nf3 d6 3. d4 cxd4 4. Nxd4 Nf6 5. Nc3 Nc6 6. Bc4 e6 7. Be3 a6 8. Qe2 Qc7 9. Bb3 Be7 10. 0-0-0 Na5 11. g4 Nxb3+ 12. axb3 b5 13. g5 Nd7 14. Rhg1 Bb7 15. f3 b4 16. Na4 g6 17. Qd2 Rc8 18. Kb1 0-0 19. h4 d5 20. h5 e5 21. hxg6 hxg6 22. Rh1 exd4 23. Bxd4 f6 24. gxf6 Bxf6 25. Qh6 Kf7 26. Qh7+ Ke8 27. Qxg6+ Kd8 28. Nc5 Qxc5 29. Bxc5 Rxc5 30. Rh7 Bc6 31. exd5 Rxd5 32. Rxd5 Bxd5 33. Qd3 Bf7 34. Qxa6 1-0